| Поле | Инд. | ПП | Название | Значение |
|---|---|---|---|---|
| Тип записи | a | |||
| Библиографический уровень | m | |||
| 001 | Контрольный номер | 84015970-5c63-4446-b6b5-c5c5dd53d13f | ||
| 005 | Дата корректировки | 20140226172033.5 | ||
| 008 | Кодируемые данные | 20010116s?a aznnnabbn zn aan | ||
| 020 | a | ISBN | 5-07-001159-6 | |
| c | Цена, тираж | 0.40 | ||
| 040 | a | Служба первич. каталог. | RU-RKP | |
| a | Служба первич. каталог. | НБ ТвГУ | ||
| 041 | a | Код языка текста | rus | |
| 080 | a | Индекс УДК | 796.032 | |
| a | Индекс УДК | 796.015.022:681.3 | ||
| 084 | a | Индекс другой классификации/Индекс ББК | Ч514(0)9 | |
| a | Индекс другой классификации/Индекс ББК | Ч511.53 | ||
| 090 | x | Авторский знак | К59 | |
| a | Полочн. индекс | Ч514(0)9 | ||
| 092 | a | 77.01 | ||
| a | 77.13 икин | |||
| 100 | 1_ | a | Автор | Козловский Александр Александрович |
| 245 | 00 | a | Заглавие | Олимпиада: задание на завтра / А. А. Козловский. "Персональный" тренер / В. А. Заикин |
| 245 | _1 | a | Заглавие | "Персональный" тренер |
| 260 | 0_ | a | Место издания | Москва |
| b | Издательство | Знание | ||
| c | Дата издания | 1989 | ||
| 300 | a | Объем | 189,[1] с. | |
| b | Иллюстрации/ тип воспроизводства | ил. | ||
| c | Размеры | 17 см | ||
| 440 | a | Серия | Новое в жизни, науке, технике | |
| a | Серия | Физкультура и спорт | ||
| 490 | _0 | x | ISSN серии | 6/1989 |
| 650 | a | Основная рубрика | Олимпийское движение | |
| 650 | a | Основная рубрика | Спортивная тренировка | |
| x | Основная подрубрика | Использование технических средств | ||
| 653 | a | Ключевые слова | Организация физической культуры | |
| 653 | a | Ключевые слова | Управление | |
| 653 | a | Ключевые слова | Экономика | |
| 653 | a | Ключевые слова | Статистика | |
| 700 | 1_ | a | Другие авторы | Заикин В. А. |
| e | Роль лиц | авт. | ||
| 852 | t | Порядковый номер экземпляра | 1 | |
| p | Инвентарный номер | 606330 | ||
| 999 | a | Подразделение 2 | * |